Las políticas públicas en la alternancia mexicana /

Obra en que se reúnen cinco ensayos sobre la importancia de las políticas públicas en México y la posibilidad de reforzamiento de la participación ciudadana en el marco de la transición política en el nuevo milenio. Para ello, parten del carácter formal de las democracias como sistemas de gobierno e...

Fuld beskrivelse

Guardado en:
Bibliografiske detaljer
Hovedforfatter: Béjar Navarro, Raúl (autor)
Format: Bog
Sprog:spansk
Udgivet: Cuernavaca, México : UNAM, Centro Regional de Investigaciones Multidisciplinarias, 2004, c2004
Serier:(Cuadernos del CRIM ; 6)
Fag:
Tags: Tilføj Tag
Ingen Tags, Vær først til at tagge denne postø!

MARC

LEADER 00000nam^a2200000^a^4500
001 000177563
005 20250521000000.0
009 20260526130005.053
020 |a 970-32-1516-5 
037 |a Acervo ITESO - Biblioteca 
041 |a ESP 
082 |a 320. 9720711  |b BEJ 
100 |a Béjar Navarro, Raúl  |e (autor) 
245 1 4 |a Las políticas públicas en la alternancia mexicana /  |c Coord. y presen. de R. Béjar Navarro. 
264 4 |a Cuernavaca, México :  |b UNAM, Centro Regional de Investigaciones Multidisciplinarias,  |c 2004, c2004 
300 |a 76 p. 
336 |a texto  |b txt  |2 rdacontenido 
337 |a sin mediación  |b n  |2 rdamedio 
338 |a volumen  |b nc  |2 rdasoporte 
440 1 |a (Cuadernos del CRIM ;  |v 6) 
520 |a Obra en que se reúnen cinco ensayos sobre la importancia de las políticas públicas en México y la posibilidad de reforzamiento de la participación ciudadana en el marco de la transición política en el nuevo milenio. Para ello, parten del carácter formal de las democracias como sistemas de gobierno en los que el poder resida en los ciudadanos, y por ello, gobernar conforme a políticas públicas signifique incorporar la opinión, la participación, la corresponsabilidad, el dinero de los contribuyentes y actores políticos autónomos. De esta manera, la política pública debe ser compatible con el marco constitucional y debe nutrirse de la participación intelectual y práctica de los ciudadanos. 
649 |a XX 
650 |a Gobernantes y Gobernados -  |z México -  |x Historia -  |y 2000-2006 
650 |a Sociedad Civil -  |z México -  |x Historia -  |y 2000-2006 
650 |a Participación Política -  |z México -  |x Historia -  |y 2000-2006 
650 |a Cambios Políticos -  |z México -  |x Historia -  |y 2000-2006 
650 |a Transición Política -  |z México -  |x Historia -  |y 2000-2006 
650 |a Democracia -  |z México -  |x Historia -  |y 2000-2006 
650 |a Políticas Públicas -  |z México -  |x Historia -  |y 2000-2006 
650 |a Política -  |z México -  |x Historia -  |y 2000-2006 
650 |a Política -  |z México -  |x Historia -  |y Siglo XXI 
650 |a México -  |x Condiciones Políticas 
910 |a Fondo General 
920 |a Impresos - Libros 
930 |a Colección General 
905 |a 101 
901 |a 0500116378  |b IT1  |c ACC  |u 20250521 
902 |a https://opac.biblio.iteso.mx/vufind/Record/000177563